000 00495caa a22002052a 4500
001 000320
003 AR-FADEU
008 311216n############xxu####################dd
092 _aPP(370)AVA
100 _aPapalini, Vanina
245 _bSaber escuchar (2a. nota)
245 _aAvances educativos. Revista patagónica de actualidad pedagógica
300 _a23-25
440 _v2
440 _n6
260 _c1994
650 _aCOMUNICACION
650 _aEDUCACION
942 _cPPGR
999 _c3098
_d3098